| 000 | 01316nam a2200361 i 4500 | ||
|---|---|---|---|
| 001 | 25627 | ||
| 003 | KOSZ 005 | ||
| 005 | 20200521133051.0 | ||
| 008 | 071203s1971 pl a f f 001 0 pol | ||
| 015 | _aPB 1971/9177 | ||
| 040 |
_aWA N _cWA N _dKOSZ 005/RW |
||
| 080 | _a621.01 | ||
| 080 | _a(075.8) | ||
| 100 | 1 |
_aDietrych, Janusz _d(1907-2001) _eAutor |
|
| 245 | 1 | 0 |
_aPodstawy konstrukcji maszyn. _nCz. 1 / _cJanusz Dietrych, Stanisław Kocańda, Witold Korewa. |
| 250 | _aWydanie 4. | ||
| 260 |
_aWarszawa : _bWydawnictwa Naukowo-Techniczne, _c1971. |
||
| 300 |
_a435, [1] stron : _bilustracje ; _c24 cm. |
||
| 336 |
_aTekst _btxt _2rdacontent |
||
| 337 |
_aBez urządzenia pośredniczącego _bn _2rdamedia |
||
| 338 |
_aWolumin _bnc _2rdacarrier |
||
| 380 | _aKsiążki | ||
| 504 | _aBibliografia przy rozdziałach. Indeks. | ||
| 658 | _aInżynieria i technika | ||
| 655 | 4 | _aPodręczniki akademickie | |
| 650 | 4 | _aMaszyny | |
| 650 | 4 | _aBudowa i konstrukcje | |
| 700 | 1 |
_aKorewa, Witold _d(1899-1976). _eAutor |
|
| 710 | 2 |
_aWydawnictwa Naukowo-Techniczne _4pbl. |
|
| 700 | 1 |
_aKocańda, Stanisław _d(1922-2006) _eAutor |
|
| 856 |
_uhttp://koha.tu.koszalin.pl/cgi-bin/koha/opac-detail.pl?biblionumber=25627 _yKatalog online BPK |
||
| 942 |
_2UKD _cKS |
||
| 999 |
_c25627 _d25627 |
||